Ranking and Spicer's company law (Record no. 79953)
[ view plain ]
| 000 -LEADER | |
|---|---|
| fixed length control field | 00711nam a2200181 a 4500 |
| 008 - FIXED-LENGTH DATA ELEMENTS--GENERAL INFORMATION | |
| fixed length control field | 120416s1970 ||||||||||||||||| || u |
| 050 ## - LIBRARY OF CONGRESS CALL NUMBER | |
| Classification number | KD 109 Per |
| 100 ## - MAIN ENTRY--PERSONAL NAME | |
| Personal name | Perrins, R |
| 245 10 - TITLE STATEMENT | |
| Title | Ranking and Spicer's company law |
| 250 ## - EDITION STATEMENT | |
| Edition statement | 11th ed |
| 260 ## - PUBLICATION, DISTRIBUTION, ETC. | |
| Place of publication, distribution, etc. | London |
| Name of publisher, distributor, etc. | HFL Publishers |
| Date of publication, distribution, etc. | 1970 |
| 300 ## - PHYSICAL DESCRIPTION | |
| Extent | xlvii, 427p. |
| 350 ## - | |
| -- | 0.00 |
| 650 ## - SUBJECT ADDED ENTRY--TOPICAL TERM | |
| Topical term or geographic name entry element | CORPORATION LAW--GREAT BRITAIN |
| 650 ## - SUBJECT ADDED ENTRY--TOPICAL TERM | |
| Topical term or geographic name entry element | LAW |
| 995 ## - | |
| -- | TEXTBOOKS (SB) |
| -- | 0.00 |
| -- | 01057 |
| -- | CBU-SCHOOL TEXTBOOK COLLECTIONS |
| -- | 1 |
| -- | 0.00 |
| -- | SCHOOL TEXTBOOK |
| -- | 2 |
| -- | AVAILABLE |
| -- | Sep 21, 2009 |
| -- | 01057 |
| -- | School Collections |
| 995 ## - | |
| -- | MAIN LIBRARY OPEN ACCESS |
| -- | 0.00 |
| -- | 718712 |
| -- | CBU-MAIN LIBRARY (Kitwe) |
| -- | 1 |
| -- | 0.00 |
| -- | KD 109 Per |
| -- | 1 |
| -- | LOST |
| -- | 017844 |
| -- | Main Library Open Access Collection |
| 999 ## - | |
| -- | 79953 |
| -- | 79953 |
| Withdrawn status | Lost status | Source of classification or shelving scheme | Damaged status | Not for loan | Permanent Location | Current Location | Shelving location | Date acquired | Total Checkouts | Full call number | Barcode | Date last seen | Copy number | Price effective from | Koha item type |
|---|---|---|---|---|---|---|---|---|---|---|---|---|---|---|---|
| CBU-MAIN LIBRARY, KITWE. | CBU-MAIN LIBRARY, KITWE. | 06/29/2023 | KD 109 Per | 017844 | 06/29/2023 | 2 | 06/29/2023 | MONOGRAPH | |||||||
| CBU-SCHOOL TEXT BOOK COLLECTION | CBU-SCHOOL TEXT BOOK COLLECTION | 06/29/2023 | SCHOOL TEXTBOOK | 01057 | 06/29/2023 | 1 | 06/29/2023 | MONOGRAPH |